<?xml version="1.0" encoding="UTF-8"?>
<collection xmlns="http://www.loc.gov/MARC21/slim">
 <record>
  <leader>01168cam a2200241 a 4500</leader>
  <controlfield tag="001">1/44073</controlfield>
  <controlfield tag="008">131118s2012    enka     b    001 0 eng  </controlfield>
  <datafield tag="020" ind1=" " ind2=" ">
   <subfield code="a">9781107015357 (hbk.)</subfield>
  </datafield>
  <datafield tag="020" ind1=" " ind2=" ">
   <subfield code="a">1107015359 (hbk.)</subfield>
  </datafield>
  <datafield tag="035" ind1=" " ind2=" ">
   <subfield code="l">47010</subfield>
  </datafield>
  <datafield tag="040" ind1=" " ind2=" ">
   <subfield code="a">UKMGB</subfield>
   <subfield code="b">eng</subfield>
   <subfield code="c">UKMGB</subfield>
   <subfield code="d">WHE</subfield>
   <subfield code="d">CDX</subfield>
   <subfield code="d">YDXCP</subfield>
   <subfield code="d">BWX</subfield>
   <subfield code="d">ORU</subfield>
   <subfield code="d">KMS</subfield>
   <subfield code="d">GR-PeUP</subfield>
  </datafield>
  <datafield tag="082" ind1="0" ind2="4">
   <subfield code="a">006.312 RAJ</subfield>
  </datafield>
  <datafield tag="100" ind1="1" ind2=" ">
   <subfield code="a">Rajaraman, Anand.</subfield>
  </datafield>
  <datafield tag="245" ind1="1" ind2="0">
   <subfield code="a">Mining of massive datasets /</subfield>
   <subfield code="c">Anand Rajaraman, Jeffrey David Ullman.</subfield>
  </datafield>
  <datafield tag="260" ind1=" " ind2=" ">
   <subfield code="a">New York, N.Y. ;</subfield>
   <subfield code="a">Cambridge :</subfield>
   <subfield code="b">Cambridge University Press,</subfield>
   <subfield code="c">2012.</subfield>
  </datafield>
  <datafield tag="300" ind1=" " ind2=" ">
   <subfield code="a">x, 315 σ. :</subfield>
   <subfield code="b">εικ. ;</subfield>
   <subfield code="c">26 εκ.</subfield>
  </datafield>
  <datafield tag="504" ind1=" " ind2=" ">
   <subfield code="a">Περιέχει βιβλιογραφία και ευρετήριο.</subfield>
  </datafield>
  <datafield tag="505" ind1="0" ind2=" ">
   <subfield code="a">Data mining -- Large-scale file systems and map-reduce -- Finding similar items -- Mining data streams -- Link analysis -- Frequent itemsets -- Clustering -- Advertising on the web -- Recommendation systems.</subfield>
  </datafield>
  <datafield tag="650" ind1=" " ind2="4">
   <subfield code="a">Data mining.</subfield>
  </datafield>
  <datafield tag="700" ind1="1" ind2=" ">
   <subfield code="a">Ullman, Jeffrey D.,</subfield>
   <subfield code="d">1942-</subfield>
  </datafield>
  <datafield tag="852" ind1=" " ind2=" ">
   <subfield code="a">INST</subfield>
   <subfield code="b">UNIPILB</subfield>
   <subfield code="c">MAIN</subfield>
   <subfield code="e">20131118</subfield>
   <subfield code="h">006.312 RAJ</subfield>
   <subfield code="p">00170042</subfield>
   <subfield code="q">00170042</subfield>
   <subfield code="t">STATIST</subfield>
   <subfield code="y">4</subfield>
   <subfield code="x">20131218</subfield>
   <subfield code="4">1</subfield>
  </datafield>
  <datafield tag="856" ind1="4" ind2=" ">
   <subfield code="d">/webopac/covers/03/47010_9781107015357.jpg</subfield>
   <subfield code="z">(hbk.)</subfield>
  </datafield>
  <datafield tag="856" ind1="4" ind2=" ">
   <subfield code="d">/webopac/covers/03/47010_1107015359.jpg</subfield>
   <subfield code="z">(hbk.)</subfield>
  </datafield>
 </record>
</collection>
